| 000 | 00961nam a2200241Ii 4500 | ||
|---|---|---|---|
| 003 | JO-AjNU | ||
| 008 | 230605s9999||||xx |||||||||||||| ||und|| | ||
| 017 | _a4945/2014 | ||
| 020 | _a978-977-473-085-6 | ||
| 040 |
_aJO-AjNU _bara _erda _cJO-AjNU |
||
| 041 | _aara | ||
| 050 | 1 | 4 | _aJQ3831.Z386 2014 |
| 100 | 3 |
_aزايد، عادل محمد, _eauthor _952025 |
|
| 245 | 0 | 0 | _aتطوير مستقبل الإدارة المحلية العربية: دروس مستفادة من التجربة المصرية |
| 250 | _aط1 | ||
| 264 | 3 | 1 | _aالقاهرة: المنظمة العربية للتنمية الادارية، 2014 |
| 300 | _a291ص | ||
| 336 |
_atext _btxt _2rdacontent |
||
| 337 |
_aunmediated _bn _2rdamedia |
||
| 338 |
_avolume _bnc _2rdacarrier |
||
| 490 | 0 | _aسلسلة بحوث ودراسات، 498 | |
| 650 | 4 |
_aالادارة المحلية - التجربة المصرية - التخطيط الاداري- البلاد العربية _952026 |
|
| 999 |
_aA23021 _c26589 _d26589 |
||